Vorschule der Geläufigkeit Op. 849 : piano solo /

Hlavní autor: Czerny, Carl, 1791-1857
Jazyk: Nelze použít, není lingvistický obsah
Vydáno: Wien ; Leipzig : Universal-Edition A.G., [1915]
Vydání: Neu revidierte Ausgabe
Edice: Universal-Edition
Fyzický popis: 1 partitura (55 s.)
Hudebniny Hudebniny
Uloženo v:
LEADER 00852ncm a22002532a 4500
001 001296477
003 CZ BrMZK
005 20150519102310.0
007 qu
008 121106s1915 au |||||||||||||||||zxx d
040 |a BOA001  |b cze 
044 |a au  |a gw 
072 7 |a 786  |x Hudba pro klávesové nástroje  |2 Konspekt  |9 9 
100 1 |a Czerny, Carl,  |d 1791-1857  |7 jn20010601282  |4 cmp 
245 1 0 |a Vorschule der Geläufigkeit  |h [hudebnina] :  |b Op. 849 : piano solo /  |c Carl Czerny 
250 |a Neu revidierte Ausgabe 
260 |a Wien ;  |a Leipzig :  |b Universal-Edition A.G.,  |c [1915] 
300 |a 1 partitura (55 s.) 
490 1 |a Universal-Edition ;  |v Nr. 143 
830 0 |a Universal-Edition 
910 |a BOA001  |b Mus4-0228.310 
990 |a MU 
991 |b 201305 
996 6 |b 2619560121  |c Mus4-0228.310  |l MZK  |r Sklad / do 1 hodiny  |n 0  |w 001331116  |u 000010  |a 1  |e BOA001  |j MZK50  |s P